Diccionario de ingeniería mecánica / (Record no. 111141)

MARC details
000 -LEADER
campo de control de longitud fija 00703nam a2200229 4500
001 - NÚMERO DE CONTROL
campo de control 111141
003 - IDENTIFICADOR DE NÚMERO DE CONTROL
campo de control ES-MaACL
005 - FECHA Y HORA DE LA ÚLTIMA TRANSACCIÓN
campo de control 20230906185241.0
007 - CAMPO FIJO DE DESCRIPCIÓN FÍSICA--INFORMACIÓN GENERAL
campo de control de longitud fija t|
008 - DATOS DE LONGITUD FIJA--INFORMACIÓN GENERAL
campo de control de longitud fija 061121s1986 sp r ||||1| spa d
100 1# - ENTRADA PRINCIPAL--NOMBRE DE PERSONA
Nombre de persona Nayler, J. L.
9 (RLIN) 85245
245 10 - MENCIÓN DEL TÍTULO
Título Diccionario de ingeniería mecánica /
Mención de responsabilidad, etc. J. L. Nayler, G. H. F. Nayler; traducido por Graciela Esteban.
250 ## - MENCION DE EDICION
Mención de edición 1ª ed.
260 ## - PUBLICACIÓN, DISTRIBUCIÓN, ETC.
Lugar de publicación, distribución, etc. Barcelona :
Nombre del editor, distribuidor, etc. Grijalbo,
Fecha de publicación, distribución, etc. 1986.
300 ## - DESCRIPCIÓN FÍSICA
Extensión 348 p. :
Otras características físicas il. ;
Dimensiones 22 cm.
490 1# - MENCIÓN DE SERIE
Mención de serie Grijalbo referencia
700 1# - ENTRADA AGREGADA--NOMBRE PERSONAL
Nombre de persona Nayler, G. H. F.
9 (RLIN) 85244
700 1# - ENTRADA AGREGADA--NOMBRE PERSONAL
Nombre de persona Esteban, Graciela.
9 (RLIN) 48030
830 0# - PUNTO DE ACCESO ADICIONAL DE SERIE-TÍTULO UNIFORME
Título uniforme Grijalbo referencia
9 (RLIN) 185673
852 ## - LOCALIZACIÓN
Ubicación ES-MaACL
Número de control de estantería L-11778
Sublocalización o colección R.113611
Holdings
Estatus retirado Estado de pérdida Estado de daño No para préstamo Colección Biblioteca de origen Biblioteca actual Ubicación en estantería Fecha de adquisición Fuente de adquisición Total de préstamos Signatura topográfica completa Código de barras Visto por última vez Precio de reemplazo Tipo de ítem Koha
        Colección de referencia Biblioteca del Ateneo de Madrid Biblioteca del Ateneo de Madrid Depósito 2 17/01/2008     L-11778 1115955 23/02/2023 23/02/2023 Libro impreso